000 013160am a22003130004500
003 EG-GiCUC
008 061101s2003 ua g 000 0 ara d
017 _a2003 / 20782
_bمصر.دار الكتب
020 _a977320104x
040 _aEG-GiCUC
_bara
_cEG-GiCUC
050 4 _aHF5548.32.
_bM3 2003
092 0 4 _a658.84
_bM2826
_221
099 _a04
_a658.84 M2826
100 1 _aمان : كاثرين ل.
245 1 2 _aالتجارة الالكترونية العالمية /
_cكاثرين ل.مان : سو ا.ايكيرت : سارة كليلاند نايت ؛ ترجمة الشحات منصور
260 _aالقاهرة :
_bمركزالاهرام للترجمة و النشر :
_c2003
300 _aix : 213ص ؛
_c26سم
440 0 _aاوليات السياسة
504 _aيشتمل على ارجاعات ببليوجرافية (ص195-200)
546 _aالترجمة العربية لـ : Global electronic commerce : a policy primer
650 4 _aالتجارة الالكترونية
700 1 _aايكيرت : سو ا.
_eمؤلف مشارك
700 1 _aمنصور : الشحات
_eمترجم
700 1 _aنايت : سارة كليلاند
_eمؤلف مشارك
902 _a2
905 _aايمان ع
_eمدخل
905 _aايمان ع
_eمراجع
942 _2ddc
_cBK
999 _c88330
_d88330